000 00389 a2200109 4500
001 ART_11553
005 20260410161858.0
008 260409a
245 1 0 _aDistributive Justice and the optimal taxation of wages and interest in a growing economy
100 1 _aOrdover, Janusz A.
773 0 _tJournal of public economics
_g- Vol. 5, NÂș 1/2 (ene./feb. 1976)
_wREV11485
999 _c25634
_d25634